Democracia e resilin̊cia no Brasil

Bibliographic Details
Main Author: Da Rosa De Bustamante, Thomas
Format: eBook
Language:Portuguese
Published: Barcelona: J.M. Bosch Editor, 2022
Subjects:
Online Access:Acceso restringido

MARC

LEADER 00000nam a22000007a 4500
005 20220831224440.0
007 cr|||| ||||
008 220831s2022 br |||||s|||| 00||0 por d
020 |a 978-84-19045-09-6 
035 |a 36322 
040 |a vLex 
090 |c 13861  |d 13861 
100 1 |a Da Rosa De Bustamante, Thomas 
245 1 0 |a Democracia e resilin̊cia no Brasil  |h [Recurso electrn̤ico] /  |c Thomas Da Rosa De Bustamante, Patrc̕ia Perrone Campos Mello 
256 |a Servicio en ln̕ea 
260 |a Barcelona:  |b J.M. Bosch Editor,  |c 2022 
300 |a 1 recurso electrn̤ico 
506 1 |a Disponible solo en los productos indicados  |d vLex Global  |d vLex Global (Academic Edition, excluding Law Schools)  |d vLex Global (U.S. Academic Edition, Law Schools)  |d vLex Global (U.S. Academic Edition, excluding Law Schools)  |d vLex Global (Academic Edition, Law Schools) 
650 0 4 |a Derecho Constitucional  |z Brasil 
700 1 |a Da Rosa De Bustamante, Thomas 
740 0 |a vLex Libros (Servicio en ln̕ea) 
856 4 0 |u https://app.vlex.com/#/sources/36322  |z Acceso restringido 
942 |c BOOK 
999 0 |a Constitutional right